000 00298nam a2200121Ia 4500
005 20251222143231.0
008 251222s9999||||xx |||||||||||||| ||spa||
020 _a88-8272-040-3
082 _a323.352/U61
245 0 _aIl Nambino, suoi Diritti, Nostri Doveri
264 _bCantagalli
942 _cLIB
999 _c14211
_d14211